000 01664nam0a22003011 4500
001 rc\3982542
005 20260406162116.0
021 _aRU
_b[55-28859]
035 _a(NLR Aleph) 007936322
090 _a8250801
_c8250801
100 _a20130415d1955 |||y0rusy50 ca
101 1 _arus
_cita
102 _aRU
105 _aa z |||||
200 1 _aПриключения Чиполлино
_e[Сказка
_eДля мл. и сред. возраста]
_fПер. с итал. З. Потаповой
_gПод ред. С. Маршака
_gРис. В. Сутеева
210 _aМосква
_cДетгиз
_d1955
215 _a232 с.
_cил.
_d26
327 0 _aВ кн. также: Три песни к радиопостановке "Приключения Чиполлино" / С.Я. Маршак
464 0 _12001#$aТри песни к радиопостановке "Приключения Чиполлино"
_1700#1$aМаршак$bС.Я.$f1887-1964$gСамуил Яковлевич
_tТри песни к радиопостановке "Приключения Чиполлино"
_aМаршак, Самуил Яковлевич (1887-1964)
700 1 _4070
_8rus
_7ca
_aРодари
_bД.
_f1920-1980
_gДжанни
_3RU\NLR\AUTH\779111
_9118978
702 1 _4340
_8rus
_7ca
_aМаршак
_bС. Я.
_f1887-1964
_gСамуил Яковлевич
_3RU\NLR\AUTH\774792
_9114767
702 1 _4440
_8rus
_7ca
_aСутеев
_bВ. Г.
_f1903-1993
_gВладимир Григорьевич
_3RU\NLR\auth\778336
_9118246
702 1 _aПотапова
_bЗ.
_4730
801 0 _aRU
_bNLR
_gpsbo
801 1 _aRU
_bELAR
_2rusmarc
852 _aNLR
_jДл02 Г-7/322
942 _cBOOK
980 _aNB